Bloomin' rainforests / (Record no. 8802)
[ view plain ]
| 000 -LEADER | |
|---|---|
| fixed length control field | 01002nam a22002537a 4500 |
| 001 - CONTROL NUMBER | |
| control field | 8802 |
| 003 - CONTROL NUMBER IDENTIFIER | |
| control field | FISKH |
| 005 - DATE AND TIME OF LATEST TRANSACTION | |
| control field | 20251125161857.0 |
| 008 - FIXED-LENGTH DATA ELEMENTS--GENERAL INFORMATION | |
| fixed length control field | 251021b cb ||||| |||| 00| 0 eng d |
| 020 ## - INTERNATIONAL STANDARD BOOK NUMBER | |
| International Standard Book Number | 9780439944601 |
| 040 ## - CATALOGING SOURCE | |
| Original cataloging agency | FISKH |
| Language of cataloging | eng |
| Transcribing agency | FISKH |
| Modifying agency | FISKH |
| 050 ## - LIBRARY OF CONGRESS CALL NUMBER | |
| Classification number | QH541.R27 |
| 082 ## - DEWEY DECIMAL CLASSIFICATION NUMBER | |
| Classification number | 577.34 |
| 100 ## - MAIN ENTRY--PERSONAL NAME | |
| Personal name | Ganeri, Anita |
| 245 ## - TITLE STATEMENT | |
| Title | Bloomin' rainforests / |
| Statement of responsibility, etc. | By Anita Ganeri : Illustrated by Mike Phillips |
| 260 ## - PUBLICATION, DISTRIBUTION, ETC. | |
| Place of publication, distribution, etc. | New York : |
| Name of publisher, distributor, etc. | Scholastic , |
| Date of publication, distribution, etc. | 2001. |
| 300 ## - PHYSICAL DESCRIPTION | |
| Extent | 128 pages : |
| Other physical details | illustrations ; |
| Dimensions | 20 cm . |
| 490 ## - SERIES STATEMENT | |
| Series statement | Horrible Geography |
| 520 ## - SUMMARY, ETC. | |
| Summary, etc. | Enter the exotic world of lush and steamy rainforests. Fern acts as our guide, conquering her fear of heights and spiders to introduce the reader to the world's tallest trees, stinkiest plants and hairiest insects. Lots of horrible information, as well as a balanced look at ecological issues.<br/> |
| 650 ## - SUBJECT ADDED ENTRY--TOPICAL TERM | |
| Topical term or geographic name entry element | Rain forests |
| Form subdivision | Non-fiction |
| 700 ## - ADDED ENTRY--PERSONAL NAME | |
| Personal name | Phillips, Mike |
| Relator term | Illustrator |
| 942 ## - ADDED ENTRY ELEMENTS (KOHA) | |
| Source of classification or shelving scheme | Dewey Decimal Classification |
| Koha item type | Books |
| Suppress in OPAC | No |
| Withdrawn status | Lost status | Source of classification or shelving scheme | Damaged status | Not for loan | Collection | Home library | Current library | Shelving location | Date acquired | Total Checkouts | Full call number | Barcode | Date last seen | Date last checked out | Copy number | Price effective from | Koha item type |
|---|---|---|---|---|---|---|---|---|---|---|---|---|---|---|---|---|---|
| Dewey Decimal Classification | Non-Fiction | Footprints International School Library Network Toul Tom Poung Campus | Footprints International School Library Network Toul Tom Poung Campus | TTP Secondary Non-Fiction Bookshelves | 10/21/2025 | 1 | GAN 577.34 QH541.R27 | FISSE00090 | 11/10/2025 | 10/31/2025 | 1 | 10/21/2025 | Books | ||||
| Dewey Decimal Classification | Non-Fiction | Footprints International School Library Network Toul Tom Poung Campus | Footprints International School Library Network Toul Tom Poung Campus | TTP Secondary Non-Fiction Bookshelves | 11/25/2025 | GAN 577.34 QH541.R27 | FISO5352 | 11/25/2025 | 2 | 11/25/2025 | Books |
